000 00319nam a2200109Ia 4500
008 171211s9999 xx 000 0 und d
245 _aComplex Predicates: The syntax-morphology interface
245 _cLeila Lomashvili
260 _c2011
650 _xCULTURE
856 _uhttp://down.ebook777.com/061/9789027255570.pdf
999 _c347855
_d347855